BUBT Library Online Catalog

Public in International Law/ (Record no. 2256)

000 -LEADER
fixed length control field 00696nam a2200229Ia 4500
003 - CONTROL NUMBER IDENTIFIER
control field BUBTL
008 - FIXED-LENGTH DATA ELEMENTS--GENERAL INFORMATION
fixed length control field 151213s9999 xx 000 0 und d
041 ## - LANGUAGE CODE
Language code of text/sound track or separate title English
082 ## - DEWEY DECIMAL CLASSIFICATION NUMBER
Classification number 341/ T155p/ 2003
Edition number 15th ed.
100 ## - MAIN ENTRY--PERSONAL NAME
Personal name Tandon, Mahesh Prasad
9 (RLIN) 5635
245 ## - TITLE STATEMENT
Title Public in International Law/
Statement of responsibility, etc. Mahesh Prasad Tandon & Rajesh Tandon
250 ## - EDITION STATEMENT
Edition statement 15th ed.
260 ## - PUBLICATION, DISTRIBUTION, ETC. (IMPRINT)
Place of publication, distribution, etc. Haryana
Name of publisher, distributor, etc. Allahabad Law Agency
Date of publication, distribution, etc. c2003
300 ## - PHYSICAL DESCRIPTION
Extent [xxxviii], 626p . :
Other physical details ill. ; 22 cm.
526 ## - STUDY PROGRAM INFORMATION NOTE
Program name Law
650 ## - SUBJECT ADDED ENTRY--TOPICAL TERM
Topical term or geographic name as entry element Law
9 (RLIN) 3971
650 ## - SUBJECT ADDED ENTRY--TOPICAL TERM
Topical term or geographic name as entry element Law
9 (RLIN) 3971
700 ## - ADDED ENTRY--PERSONAL NAME
Personal name Mahesh Prasad Tandon & Rajesh Tandon
9 (RLIN) 5636
856 ## - ELECTRONIC LOCATION AND ACCESS
Password 0
Logon 0
Link text Download
942 ## - ADDED ENTRY ELEMENTS (KOHA)
Source of classification or shelving scheme
Koha item type Books
Holdings
Withdrawn status Lost status Source of classification or shelving scheme Damaged status Not for loan Collection code Permanent location Current location Shelving location Date acquired Inventory number Total Checkouts Full call number Barcode Date last seen Copy number Price effective from Koha item type Source of acquisition
          Non-fiction Bangladesh University of Business and Technology Library Bangladesh University of Business and Technology Library Law Stacks 02/23/2021 3218   341/TAP BUBTL-20033218 02/23/2021 C-1 02/23/2021 Books  
          Non-fiction Bangladesh University of Business and Technology Library Bangladesh University of Business and Technology Library Law Stacks 02/23/2021 25690   341/TAP BUBTL-200325690 02/23/2021 C-2 02/23/2021 Books  
          Non-fiction Bangladesh University of Business and Technology Library Bangladesh University of Business and Technology Library Law Stacks 08/09/2006 3217   341/ T155p/ 2003 BUBTL-20033217 01/03/2024 C-3 01/03/2024 Books Purchase

More Information About Library

Library Hours

  • Open: 9.00 am. to 9.00 pm.
  • Only Sunday: 9.00 am. to 6.00 pm.
  • Closed: Holiday

Contact to the University

Bangladesh University of Business and Technology Library

  • Mirpurl-2, 1216.
  • Phone:
  • Fax:
  • E-Mail: admin.library@bubt.edu.bd

Contact to the Library

Contact Person:

Md. Abdul Hakim Shah
Joint Librarian
PABX No:  113
Cell No: 01816332931
E-mail: official: admin.library@bubt.edu.bd
Personal: hakim.shah@bubt.edu.bd


BUBT Library

Copyright © 2021